Представление документа в формате RUSMARC

ПолеНазваниеЗначение
  Тип записи a
  Библиографический уровень m
001 Контрольный номер UONB/MAIN/63bc4ce861f44d6e887da249d36effe6
005 Дата корректировки 20260428085528.5
010 Индекс ISBN __
d Цена 95 к.
9 Тираж 1000 экз.
100 Данные общей обработки __
a Данные общей обработки 20260428d1979 u u0rusy0189 ca
101 Язык документа 0_
a Язык текста rus
102 Страна публикации __
a Страна публикации RU
105 Кодированные данные (монография) __
a Кодированные данные (монография) a z 001yy
200 Заглавие и сведения об ответственности 1_
a Заглавие № 2
f Первые сведения об ответственности ответственный редактор В. И. Погоржельский [и др.]
210 Выходные данные 1_
d Дата издания 1979
215 Физическое описание __
a Объем 91 с.
c Иллюстрации/тип воспроизводства ил.
320 Библиография __
a Библиография Библиогр. в конце ст.
461 Уровень набора _0
1 2001
a Производство высококачественного проката
e тематический отраслевой сборник
f Министерство черной металлургии СССР
v № 2
1 2101
a Москва
c Металлургия
d 1978-
1 001UONB/MAIN/d3972b4ee0f34d848509bfc70ae3f235
1 203
a Текст
b визуальный
c непосредственный
1 215
d 21 см
606 Тематические рубрики 0_
a Основная рубрика Прокатка металлов
j Формальный подзаголовок Сборники
610 Ключевые слова 0_
a Ключевые слова прокатка металлов; производство проката; высококачественный прокат металла
675 Индекс УДК __
a Индекс УДК 6П4.22
686 Индексы других классификаций __
2 Код системы rubbk
a Классификационный индекс 34.621
702 Вторичная интеллектуальная ответственность _1
a Фамилия Погоржельский
b Имя (инициалы) В. И.
4 Код отношения 340
801 Источник записи _0
a Страна RU
b Организация Ульяновская ОНБ
c Дата составления 20260428
g Правила каталогизации RCR
801 Источник записи _1
a Страна RU
b Организация Ульяновская ОНБ
c Дата составления 20260428
g Правила каталогизации RCR
901 Тип документа __
t Тип документа n
w Контрольный № источника UONB/MAIN/d3972b4ee0f34d848509bfc70ae3f235
909 Создатель записи __
a Создатель записи Горбункова
b Дата создания записи 20260428